00221nam a2200097Ia 4500008004100000100001900041245002600060260001600086260000900102546001200111170619s9999 xx 000 0 und d aTodd- David K. 0aGroundwater Hydrology bWiley-India c2011 aENGLISH